=LDR 00000nam 2200000 4500 =001 NUTBA000000000001600 =005 20140506132440.0 =006 =007 =008 =035 ##$$0010-051400000000065 =040 ##$$a NBPDMAT =082 ##$$a 640 =090 ##$$a 640$bNur k =100 ##$$a Nurhidayah, Ulfah =245 ##$$a Kumpulan tips mudah dan praktis untuk aktivitas ibu rumah tangga$cUlfah Nurhidayahh =260 ##$$a Jakarta $b BukuBiru $c 2010. =990 ##$$a 21196145/BPAP-NTB/2014 =990 ##$$a 0001/BPAP-NTB/20142014 =990 ##$$a 0001/BPAP-NTB/2016